000 01504cam a2200349 a 4500
001 2289
003 FISKH
005 20231115110550.0
008 090806s2010 mnua c 000 1 eng
010 _a 2009029328
020 _a9781434218865 (library binding)
020 _a9781434222541 (pbk.)
040 _aDLC
_cDLC
_dDLC
_beng
042 _alcac
050 0 0 _aPZ7.M4116
_bAt 2010
082 0 0 _a813.6
_222
100 1 _aMason, Jane B.
245 1 0 _aAttack of the cheetah /
_cwritten by Jane Mason ; illustrated by Dan Schoening
260 _aMankato:
_bStone Arch Books,
_c2013.
300 _a49 pages :
_bcolor illustrations ;
_c20 cm
490 0 _aDC super heroes. Wonder Woman
500 _a"Wonder Woman created by William Moulton Marston."
505 _aO
520 _aWhen a cheetah exhibit opens at the National Zoo in Washington, D.C., PRINCESS DIANA arrives to witness the event. At the grand opening, the rare cats suddenly escape, fleeing through a crowd of frightened zoogoers! DIANA quickly transforms into her secret identity, WONDER WOMAN, captures the cats and saves the day. But when the cheetahs continue their odd behavior, only one thing can explain it. The cat-like super-villain, CHEETAH, is on the loose!
521 0 _a620
_bLexile
521 0 _aO
_bRaz-Plus
650 1 _aSuperheroes
_vFiction.
650 1 _aCheetah
_vFiction.
700 1 _aSchoening, Dan
_eillustrator
906 _a7
_bcbc
_corignew
_d1
_eecip
_f20
_gy-gencatlg
942 _2ddc
_cBK
_n0
999 _c2289
_d2289